[Event "94th Paris-ch  2019"]
[Site "Paris"]
[Date "2019.07.12"]
[Round "7.1"]
[White "Guliyev, Namig"]
[Black "Moussard, Jules"]
[Result "1/2-1/2"]
[WhiteElo "2551"]
[BlackElo "2576"]
[Annotator "TA"]
[PlyCount "154"]
[EventDate "2019.07.07"]
[EventType "swiss"]
[EventCountry "FRA"]
[SourceTitle "playchess.com"]
[Source "ChessBase"]
[SourceQuality "1"]

{[%evp 16,154,50,53,66,0,25,18,37,25,29,21,27,30,16,18,23,17,49,48,49,52,49,49,46,47,31,16,52,52,52,53,78,53,79,75,68,55,125,129,116,72,93,75,167,175,175,162,179,178,172,172,150,150,154,154,25,0,311,326,294,164,164,164,178,41,29,52,27,30,899,904,638,912,920,856,743,672,660,498,319,319,870,858,1012,932,843,0,0,-8,-18,-27,-32,-95,0,0,0,0,0,0,0,0,0,0,0,0,8,0,0,0,0,0,0,0,0,0,0,0,0,0,0,0,0,0,0,0,0,0,0,0,0,0,0,0,0,0,0,0,0,0,0]} 1. e4 c5 2. Nf3 d6 3. Bb5+ Bd7 4. Bxd7+ Nxd7 5. O-O Ngf6 6. Qe2 g6 7. c3 Bg7 8. d4 cxd4 9. cxd4 O-O {B52: Sicilian: Moscow Variation with 3...Bd7} 10. e5 (10. Nc3 $14) (10. Nc3 Nb6 11. a4 d5 12. e5 Ne8 13. b3 Rc8 14. Bd2 Nc7 15. h4 Qd7 16. Nb5 a6 17. Nxc7 Rxc7 18. Ne1 {½-½ (49) Nedev,T (2484)-Arenas Vanegas,D (2490) Baku 2016}) 10... Nd5 11. e6 N7b6 $1 12. exf7+ Rxf7 13. Ng5 Rf6 14. Ne6 Qd7 15. Re1 $146 ({Predecessor:} 15. Nxg7 Kxg7 16. Bg5 Rf5 17. Bd2 {0-1 (42) Balhar,M (1663)-Stuermer,M (1815) Germany 2012}) 15... Rc8 {[#]} 16. Nc3 $1 {[%mdl 512]} Qxe6 (16... Nxc3 17. bxc3) 17. Qxe6+ Rxe6 18. Rxe6 Kf7 19. Re1 Nxc3 20. bxc3 Rxc3 21. Be3 Ra3 22. Reb1 Ra4 23. Rb3 Ke6 24. a3 Kd5 25. Rc1 Bxd4 26. Bxd4 Rxd4 $16 {[%mdl 4096] Endgame KRR-KRN} (26... Kxd4 $14 27. Rh3 h5) 27. Rh3 h5 28. Rg3 $1 Nc4 29. Rxg6 Nxa3 (29... e5 $16) 30. Rg5+ $1 $18 e5 31. Rxh5 b5 32. Rh7 a5 33. h4 b4 34. h5 $1 {[%cal Rh5h6] h6 is the strong threat.} b3 35. Rb7 a4 36. g3 {Threatens to win with h6.} Rg4 $2 {[%mdl 8192]} (36... Rc4 $1 $11 37. Rxc4 Kxc4) 37. h6 {And now h7 would win.} Rg8 38. h7 (38. Rd1+ $142 Kc6 39. Rb4) 38... Rh8 39. g4 $1 {[%cal Rg4g5] Hoping for g5.} Ke6 {[#] intending ...Nc2.} 40. Rcc7 ({White should try} 40. Rc6 $1 $18) 40... Nc2 $14 {White must now prevent ...a3.} 41. Re7+ Kf6 {Strongly threatening ...a3.} 42. Rf7+ Kg5 $2 {[%mdl 8192]} (42... Ke6 $11 43. g5 a3 44. Rf6+ Kd5 45. Rxb3 Rxh7 46. Rb5+ Kc4) 43. Rg7+ $18 Kf4 44. Rg8 Rxh7 45. Rxh7 a3 46. Rf7+ Ke4 47. Rb8 a2 48. f3+ Kd4 $2 (48... Kd5 49. Ra7 a1=Q+ 50. Rxa1 Nxa1) 49. Ra7 Kc3 50. g5 Nd4 51. g6 $2 (51. Ra3 $18) 51... Nc6 $11 52. g7 Nxa7 53. g8=Q a1=Q+ $15 {KQR-KQN} 54. Kg2 {[#]} (54. Kf2 $1 $15 Qd1 55. Qf7) 54... Qa4 (54... Qd1 $1 $17 {[%cal Rd1e2]} 55. Qd8 Kb2) 55. Qd5 $11 {The position is equal.} b2 56. Qxd6 Qc2+ 57. Kg3 b1=Q 58. Qxe5+ Kc4 59. Qe6+ Kc5 60. Qe7+ Kd5 61. Qd7+ Kc4 $1 62. Qc7+ Kd3 $1 63. Qh7+ {[#]} Kc3 $1 64. Qg7+ (64. Rxb1 $2 {is the wrong capture.} Qxh7 65. Rc1+ Kd2 $19) 64... Kc4 65. Qf7+ Kc3 {( -> ...Qg1+)} 66. Rxb1 Qxb1 67. Qc7+ Kb4 68. Qxa7 {White threatens Qb8+ and mate. KQ-KQ} Qg6+ 69. Kf2 Qc2+ 70. Ke3 Qc3+ 71. Ke4 {White wants to mate with Qd4+.} (71. Kf4 $5 {[%cal Ra7e7]} Qf6+ 72. Kg3 $11) 71... Qc6+ 72. Kf4 Qf6+ 73. Kg4 Qg6+ 74. Kh3 $1 Qh5+ 75. Kg2 $1 Qg5+ 76. Kf1 Qc1+ 77. Ke2 Qc2+ {Accuracy: White = 64%, Black = 57%.} 1/2-1/2

[Event "94th Paris-ch  2019"]
[Site "Paris"]
[Date "2019.07.12"]
[Round "7.2"]
[White "Abergel, Thal"]
[Black "Albaric, Etienne"]
[Result "1-0"]
[WhiteElo "2450"]
[BlackElo "2225"]
[Annotator "ChessBase"]
[PlyCount "83"]
[EventDate "2019.07.07"]
[EventType "swiss"]
[EventCountry "FRA"]
[SourceTitle "playchess.com"]
[Source "ChessBase"]
[SourceQuality "1"]
[TimeControl "5400+30"]

1. Nf3 {[%emt 0:00:00]} c5 {[%emt 0:00:00]} 2. c4 {[%emt 0:00:05]} Nc6 {[%emt 0:00:00]} 3. Nc3 {[%emt 0:00:38]} g6 {[%emt 0:00:37]} 4. b3 {[%emt 0:00:53]} Bg7 {[%emt 0:00:19]} 5. Bb2 {[%emt 0:00:10]} d6 {[%emt 0:00:55]} 6. g3 {[%emt 0:00:26]} e5 {[%emt 0:05:25]} 7. d3 {[%emt 0:03:03]} Nge7 {[%emt 0:03:05]} 8. Bg2 {[%emt 0:00:23]} h6 {[%emt 0:02:51]} 9. h4 {[%emt 0:08:17]} Be6 {[%emt 0:04:14]} 10. h5 {[%emt 0:00:24]} g5 {[%emt 0:02:46]} 11. e4 {[%emt 0:07:05]} Qd7 {[%emt 0:18:09]} 12. Nd5 {[%emt 0:01:37]} O-O-O {[%emt 0:08:55]} 13. Ne3 {[%emt 0:03:02]} f5 {[%emt 0:02:52]} 14. Qd2 {[%emt 0:04:45]} Rhg8 {[%emt 0:10:10]} 15. g4 {[%emt 0:13:36]} fxg4 {[%emt 0:01:19]} 16. Nh2 {[%emt 0:01:49]} g3 {[%emt 0:04:20]} 17. fxg3 {[%emt 0:00:17]} Kb8 {[%emt 0:04:36]} 18. g4 {[%emt 0:00:37]} Rgf8 {[%emt 0:00:27]} 19. Nf5 {[%emt 0:00:14]} Ng8 {[%emt 0:01:46]} 20. Nf1 {[%emt 0:00:18]} Nf6 {[%emt 0:00:50]} 21. N1e3 {[%emt 0:00:12]} Nd4 {[%emt 0:01:07]} 22. O-O {[%emt 0:02:21]} Nxf5 {[%emt 0:06:15]} 23. exf5 {[%emt 0:00:53]} Bg8 {[%emt 0:00:01]} 24. Be4 {[%emt 0:00:53]} Rfe8 {[%emt 0:02:33]} 25. Qg2 {[%emt 0:01:01]} Bf8 {[%emt 0:01:34]} 26. Rae1 {[%emt 0:04:48]} Bf7 {[%emt 0:03:18]} 27. a3 {[%emt 0:01:52]} Qc7 {[%emt 0:02:35]} 28. Bc3 {[%emt 0:01:56]} Qb6 {[%emt 0:00:30]} 29. Qb2 {[%emt 0:02:16]} Ka8 {[%emt 0:01:54]} 30. Kh1 {[%emt 0:04:20]} Bg7 {[%emt 0:02:04]} 31. Bf3 {[%emt 0:08:53]} Rd7 {[%emt 0:01:58]} 32. a4 {[%emt 0:02:20]} d5 {[%emt 0:02:26]} 33. cxd5 {[%emt 0:00:24]} Nxd5 {[%emt 0:01:05]} 34. Nc4 {[%emt 0:00:31]} Qa6 {[%emt 0:00:19]} 35. Bxe5 {[%emt 0:02:49]} Rde7 {[%emt 0:00:53]} 36. Qa1 {[%emt 0:01:44]} Bf6 {[%emt 0:01:44]} 37. Bxf6 {[%emt 0:02:16]} Nxf6 {[%emt 0:00:02]} 38. Rxe7 {[%emt 0:01:16]} Rxe7 {[%emt 0:00:01]} 39. Re1 {[%emt 0:00:18]} Rxe1+ {[%emt 0:02:52]} 40. Qxe1 {[%emt 0:00:05]} Ng8 {[%emt 0:00:32]} 41. Qe5 {[%emt 0:01:19]} Qf6 {[%emt 0:00:42]} 42. Qc7 {[%emt 0:00:42]} 1-0

[Event "94th Paris-ch  2019"]
[Site "Paris"]
[Date "2019.07.12"]
[Round "7.3"]
[White "Guilleux, Fabien"]
[Black "Shchekachev, Andrei"]
[Result "0-1"]
[WhiteElo "2442"]
[BlackElo "2531"]
[Annotator "ChessBase"]
[PlyCount "72"]
[EventDate "2019.07.07"]
[EventType "swiss"]
[EventCountry "FRA"]
[SourceTitle "playchess.com"]
[Source "ChessBase"]
[SourceQuality "1"]
[TimeControl "5400+30"]

1. Nf3 {[%emt 0:00:00]} d6 {[%emt 0:02:48]} 2. d4 {[%emt 0:00:00]} f5 {[%emt 0:00:35]} 3. g3 {[%emt 0:00:39]} Nf6 {[%emt 0:00:24]} 4. Bg2 {[%emt 0:00:10]} g6 {[%emt 0:00:46]} 5. O-O {[%emt 0:00:17]} Bg7 {[%emt 0:00:14]} 6. c4 {[%emt 0:00:18]} O-O {[%emt 0:02:48]} 7. Nc3 {[%emt 0:00:20]} c6 {[%emt 0:01:29]} 8. Bf4 {[%emt 0:21:26]} Nh5 {[%emt 0:10:07]} 9. Be3 {[%emt 0:16:06]} e5 {[%emt 0:07:03]} 10. dxe5 {[%emt 0:00:57]} dxe5 {[%emt 0:02:25]} 11. Bc5 {[%emt 0:00:09]} Qxd1 {[%emt 0:01:04]} 12. Raxd1 {[%emt 0:01:32]} Re8 {[%emt 0:00:11]} 13. Bd6 {[%emt 0:01:53]} e4 {[%emt 0:04:03]} 14. Nd4 {[%emt 0:02:32]} Nd7 {[%emt 0:02:28]} 15. f3 {[%emt 0:20:57]} Ne5 {[%emt 0:03:32]} 16. Bxe5 {[%emt 0:02:45]} Bxe5 {[%emt 0:02:03]} 17. f4 {[%emt 0:07:31]} Bh8 {[%emt 0:10:44]} 18. e3 {[%emt 0:00:52]} Ng7 {[%emt 0:03:17]} 19. b3 {[%emt 0:05:39]} Ne6 {[%emt 0:01:34]} 20. Nxe6 {[%emt 0:00:02]} Bxe6 {[%emt 0:00:09]} 21. Na4 {[%emt 0:00:04]} Rad8 {[%emt 0:02:55]} 22. Kf2 {[%emt 0:01:24]} Kf7 {[%emt 0:06:43]} 23. Ke2 {[%emt 0:00:40]} Ke7 {[%emt 0:05:34]} 24. Rxd8 {[%emt 0:05:57]} Rxd8 {[%emt 0:00:11]} 25. Rd1 {[%emt 0:02:00]} Rb8 {[%emt 0:00:46]} 26. Bf1 {[%emt 0:01:48]} b6 {[%emt 0:00:41]} 27. Kd2 {[%emt 0:00:23]} Bf6 {[%emt 0:01:59]} 28. h4 {[%emt 0:01:16]} h6 {[%emt 0:00:24]} 29. Be2 {[%emt 0:00:05]} Kf7 {[%emt 0:02:33]} 30. Rg1 {[%emt 0:03:14]} Be7 {[%emt 0:04:37]} 31. Kc2 {[%emt 0:00:32]} b5 {[%emt 0:01:36]} 32. Nc3 {[%emt 0:00:02]} bxc4 {[%emt 0:03:10]} 33. bxc4 {[%emt 0:00:02]} Bc5 {[%emt 0:00:20]} 34. Nd1 {[%emt 0:00:02]} Rb4 {[%emt 0:03:33]} 35. Re1 {[%emt 0:03:04]} Bxc4 {[%emt 0:03:34]} 36. a3 {[%emt 0:00:10]} Bb3+ {[%emt 0:00:48]} 0-1

[Event "94th Paris-ch  2019"]
[Site "Paris"]
[Date "2019.07.12"]
[Round "7.4"]
[White "Moksh Amit Doshi"]
[Black "Bonte, Andrei-Mihai"]
[Result "1/2-1/2"]
[WhiteElo "2229"]
[BlackElo "2337"]
[Annotator "NA"]
[PlyCount "108"]
[EventDate "2019.07.07"]
[EventType "swiss"]
[EventCountry "FRA"]
[SourceTitle "playchess.com"]
[Source "ChessBase"]
[SourceQuality "1"]
[TimeControl "5400+30"]

1. d4 {[%emt 0:02:01]} Nf6 {[%emt 0:00:45]} 2. c4 {[%emt 0:00:23]} e6 {[%emt 0:00:10]} 3. Nc3 {[%emt 0:00:05]} d5 {[%emt 0:02:26]} 4. cxd5 {[%emt 0:01:36]} exd5 {[%emt 0:00:08]} 5. Bg5 {[%emt 0:00:05]} c6 {[%emt 0:00:22]} 6. e3 {[%emt 0:00:05]} Be7 {[%emt 0:00:10]} 7. Bd3 {[%emt 0:00:14]} Nbd7 {[%emt 0:01:06]} 8. Qc2 {[%emt 0:00:07]} O-O {[%emt 0:00:16]} 9. Nf3 {[%emt 0:00:41]} Re8 {[%emt 0:00:39]} 10. O-O {[%emt 0:00:09]} Nf8 {[%emt 0:00:18]} 11. h3 {[%emt 0:00:06]} Nh5 {[%emt 0:11:52]} 12. Bxe7 {[%emt 0:01:20]} Qxe7 {[%emt 0:00:13]} 13. Rab1 {[%emt 0:02:27]} Nf6 {[%emt 0:04:37]} 14. b4 {[%emt 0:03:13]} Bd7 {[%emt 0:00:06]} 15. Na4 {[%emt 0:08:00]} Rec8 {[%emt 0:12:17]} 16. Rfc1 {[%emt 0:05:03]} Ne8 {[%emt 0:02:41]} 17. Nc5 {[%emt 0:05:42]} Nd6 {[%emt 0:00:02]} 18. Ne5 {[%emt 0:02:11]} Be8 {[%emt 0:00:18]} 19. a4 {[%emt 0:05:07]} f6 {[%emt 0:09:07]} 20. Nf3 {[%emt 0:00:43]} b6 {[%emt 0:00:23]} 21. Na6 {[%emt 0:01:03]} Bg6 {[%emt 0:09:38]} 22. Nd2 {[%emt 0:03:31]} Qb7 {[%emt 0:03:51]} 23. Qb3 {[%emt 0:04:34]} Bxd3 {[%emt 0:06:34]} 24. Qxd3 {[%emt 0:01:17]} Ng6 {[%emt 0:00:29]} 25. Rc3 {[%emt 0:07:24]} Ne7 {[%emt 0:04:30]} 26. Rbc1 {[%emt 0:02:20]} Kh8 {[%emt 0:05:13]} 27. b5 {[%emt 0:06:01]} cxb5 {[%emt 0:01:35]} 28. Nc7 {[%emt 0:00:12]} b4 {[%emt 0:05:52]} 29. R3c2 {[%emt 0:02:11]} Rab8 {[%emt 0:00:28]} 30. Na6 {[%emt 0:01:34]} Rxc2 {[%emt 0:00:42]} 31. Rxc2 {[%emt 0:00:05]} Rc8 {[%emt 0:00:21]} 32. Nxb4 {[%emt 0:00:31]} a5 {[%emt 0:00:43]} 33. Na2 {[%emt 0:01:03]} Rxc2 {[%emt 0:02:59]} 34. Qxc2 {[%emt 0:00:06]} Qc6 {[%emt 0:00:41]} 35. Qxc6 {[%emt 0:02:44]} Nxc6 {[%emt 0:00:02]} 36. Nc3 {[%emt 0:00:36]} Nb4 {[%emt 0:00:07]} 37. f3 {[%emt 0:01:10]} f5 {[%emt 0:01:42]} 38. g4 {[%emt 0:01:32]} g6 {[%emt 0:00:57]} 39. gxf5 {[%emt 0:00:07]} gxf5 {[%emt 0:00:20]} 40. e4 {[%emt 0:00:42]} fxe4 {[%emt 0:00:34]} 41. fxe4 {[%emt 0:00:05]} dxe4 {[%emt 0:00:30]} 42. Ncxe4 {[%emt 0:00:23]} Nxe4 {[%emt 0:00:24]} 43. Nxe4 {[%emt 0:00:06]} Kg7 {[%emt 0:04:48]} 44. Kf2 {[%emt 0:00:33]} Nd5 {[%emt 0:00:41]} 45. Kf3 {[%emt 0:00:55]} Kg6 {[%emt 0:00:32]} 46. Kg3 {[%emt 0:01:07]} Kf5 {[%emt 0:00:46]} 47. Nd6+ {[%emt 0:00:50]} Ke6 {[%emt 0:00:26]} 48. Nc4 {[%emt 0:00:07]} Kf5 {[%emt 0:01:09]} 49. Kf3 {[%emt 0:00:11]} Kg5 {[%emt 0:00:51]} 50. Kg3 {[%emt 0:01:57]} h6 {[%emt 0:02:10]} 51. h4+ {[%emt 0:00:19]} Kh5 {[%emt 0:00:37]} 52. Kh3 {[%emt 0:00:25]} Nf4+ {[%emt 0:02:08]} 53. Kg3 {[%emt 0:00:04]} Ne2+ {[%emt 0:00:08]} 54. Kh3 {[%emt 0:00:04]} Nxd4 {[%emt 0:00:26]} 1/2-1/2

[Event "94th Paris-ch  2019"]
[Site "Paris"]
[Date "2019.07.12"]
[Round "7.5"]
[White "Samoun, Florent"]
[Black "Chalmeta Ugas, Ramon"]
[Result "0-1"]
[WhiteElo "2230"]
[BlackElo "2232"]
[Annotator "TA"]
[PlyCount "116"]
[EventDate "2019.07.07"]
[EventType "swiss"]
[EventCountry "FRA"]
[SourceTitle "playchess.com"]
[Source "ChessBase"]
[SourceQuality "1"]

{[%evp 22,121,38,0,0,3,0,2,0,0,15,16,17,3,12,0,0,0,44,23,24,12,39,31,46,20,25,23,26,5,8,0,0,0,0,-16,-23,0,-11,-27,18,19,49,-34,-36,-82,-75,-87,-95,-172,-153,-150,-139,-236,-194,-202,-202,-253,-243,-555,-535,-536,-540,-532,-535,-556,-552,-550,-549,-710,-710,-701,-697,-681,-674,-623,-392,-474,-476,-710,-712,-713,-705,-689,-666,-605,-577,-918,-918,-918,-918,-913,-891,-5490,-5490,-5373,-5326,-29957,-29951,-29968,-29964,-4930]} 1. Nf3 Nf6 2. c4 c5 3. g3 g6 4. b3 Bg7 5. Bb2 O-O 6. Bg2 Nc6 7. O-O d6 8. d4 cxd4 9. Nxd4 Bd7 10. Nc3 Rc8 11. Nc2 Qa5 12. Nd5 Nxd5 {E60: King's Indian: Unusual lines and Fianchetto Variation without Nc3} 13. Bxg7 Kxg7 14. Qxd5 (14. Bxd5 Bh3 15. Re1 Qc3 16. Rc1 Qf6 17. Qd2 Rfd8 18. Qe3 Rc7 19. Red1 Bf5 20. Nd4 Nxd4 21. Rxd4 {0-1 (61) Gabriel,J (2204)-Fischer,G (2156) Halle 2007}) 14... Qxd5 {The position is equal.} 15. Bxd5 b6 16. Rfd1 Rc7 $146 ({Predecessor:} 16... h5 17. h4 Ne5 18. Nd4 Ng4 19. Rd2 Nf6 20. Bg2 {½-½ (67) Barcza,G-Sterner,O Munich 1958}) 17. Rd2 Rb8 18. Ne3 Ne5 19. Bg2 Kf8 20. f4 Nc6 21. Rad1 Nd8 22. Nd5 Rcc8 $1 23. Nb4 Bc6 $1 24. Bh3 Ne6 25. Nxc6 Rxc6 26. e4 b5 27. Bf1 b4 28. e5 dxe5 29. fxe5 Ra6 30. Bh3 Ng5 31. Bg2 Ne6 32. Bd5 ({White should try} 32. Rf1 $14) 32... Nc5 $1 $15 33. Kf2 Ra3 34. Ke3 a5 35. Kf4 (35. Bc6 $17 {is a better defense.} a4 36. Rd8+ Rxd8 37. Rxd8+ Kg7 38. Rb8) 35... a4 $19 36. bxa4 Rxa4 37. h4 (37. e6 $17 {keeps fighting.}) 37... Ra3 38. e6 fxe6 39. Bc6 Kg7 40. Bb5 $2 (40. Kg4 {is tougher.}) 40... Rf8+ 41. Ke5 Rf5+ 42. Kd4 {And now g4 would win.} Rxg3 {( -> ...Rg4+)} 43. Bc6 Rg4+ {[%mdl 64] [#] Double Attack} 44. Ke3 Rxc4 45. Rd4 Rc3+ 46. Ke2 b3 47. R4d2 bxa2 48. Rxa2 Rh3 {[#] Strongly threatening ...Rh2+.} 49. Ra7 Kf6 50. Rd4 (50. Ra8 $142) 50... e5 51. Rd8 Ne6 52. Rc8 Nd4+ 53. Ke1 Rc3 54. Rf8+ Kg7 55. Rxf5 Nxc6 56. Rxe5 Nxe5 57. Rxe7+ {KRN-KR} Kf6 58. Rxh7 Rc2 {Played: Rc3-h3} 0-1

[Event "94th Paris-ch  2019"]
[Site "Paris"]
[Date "2019.07.12"]
[Round "7.6"]
[White "Flom, Gabriel"]
[Black "Anand Nadar"]
[Result "1/2-1/2"]
[WhiteElo "2494"]
[BlackElo "2358"]
[Annotator "ChessBase"]
[PlyCount "134"]
[EventDate "2019.07.07"]
[EventType "swiss"]
[EventCountry "FRA"]
[SourceTitle "playchess.com"]
[Source "ChessBase"]
[SourceQuality "1"]
[TimeControl "5400+30"]

1. d4 {[%emt 0:00:49]} Nf6 {[%emt 0:00:00]} 2. Bg5 {[%emt 0:00:02]} e6 {[%emt 0:00:30]} 3. e4 {[%emt 0:00:09]} c5 {[%emt 0:00:19]} 4. d5 {[%emt 0:00:43]} h6 {[%emt 0:00:14]} 5. Bxf6 {[%emt 0:00:16]} Qxf6 {[%emt 0:00:06]} 6. c3 {[%emt 0:00:22]} a6 {[%emt 0:01:42]} 7. a4 {[%emt 0:00:13]} d6 {[%emt 0:01:37]} 8. Nf3 {[%emt 0:00:13]} Nd7 {[%emt 0:00:38]} 9. Na3 {[%emt 0:00:31]} e5 {[%emt 0:04:32]} 10. Bd3 {[%emt 0:01:59]} Be7 {[%emt 0:05:16]} 11. O-O {[%emt 0:04:51]} Rb8 {[%emt 0:01:33]} 12. a5 {[%emt 0:00:13]} O-O {[%emt 0:00:44]} 13. Nc4 {[%emt 0:00:04]} g6 {[%emt 0:02:37]} 14. Qc2 {[%emt 0:03:04]} Re8 {[%emt 0:07:51]} 15. Ra3 {[%emt 0:00:35]} Nf8 {[%emt 0:01:49]} 16. Rb3 {[%emt 0:00:08]} Bd8 {[%emt 0:00:17]} 17. Nb6 {[%emt 0:02:42]} Bxb6 {[%emt 0:12:52]} 18. Rxb6 {[%emt 0:00:46]} Nd7 {[%emt 0:01:46]} 19. Rb3 {[%emt 0:00:52]} Qd8 {[%emt 0:00:35]} 20. Ra1 {[%emt 0:00:28]} Qc7 {[%emt 0:02:54]} 21. Nd2 {[%emt 0:00:04]} Qd8 {[%emt 0:04:39]} 22. Nc4 {[%emt 0:00:15]} Qe7 {[%emt 0:00:04]} 23. g3 {[%emt 0:01:01]} Kg7 {[%emt 0:01:04]} 24. Qd2 {[%emt 0:00:57]} Rf8 {[%emt 0:01:49]} 25. Ne3 {[%emt 0:03:02]} Nf6 {[%emt 0:03:51]} 26. f3 {[%emt 0:00:06]} Bh3 {[%emt 0:02:45]} 27. Nd1 {[%emt 0:05:05]} Rbd8 {[%emt 0:02:11]} 28. Nf2 {[%emt 0:00:21]} Bc8 {[%emt 0:00:10]} 29. Rba3 {[%emt 0:00:12]} Qc7 {[%emt 0:05:32]} 30. b4 {[%emt 0:00:27]} Bd7 {[%emt 0:06:07]} 31. bxc5 {[%emt 0:00:49]} Qxc5 {[%emt 0:04:46]} 32. Rb3 {[%emt 0:00:07]} Bc8 {[%emt 0:00:07]} 33. Bf1 {[%emt 0:02:26]} Nd7 {[%emt 0:04:05]} 34. c4 {[%emt 0:00:27]} Qc7 {[%emt 0:01:00]} 35. Qb4 {[%emt 0:06:54]} Nc5 {[%emt 0:00:59]} 36. Rc3 {[%emt 0:00:04]} f5 {[%emt 0:01:50]} 37. exf5 {[%emt 0:00:49]} gxf5 {[%emt 0:00:05]} 38. Nd3 {[%emt 0:00:19]} Rde8 {[%emt 0:05:35]} 39. Nxc5 {[%emt 0:00:27]} dxc5 {[%emt 0:00:23]} 40. Qb6 {[%emt 0:00:04]} Qxb6 41. axb6 {[%emt 0:00:01]} Bd7 {[%emt 0:02:07]} 42. Ra5 {[%emt 0:00:12]} Rc8 {[%emt 0:00:01]} 43. Re3 {[%emt 0:00:10]} Kf6 {[%emt 0:00:48]} 44. f4 {[%emt 0:00:17]} e4 {[%emt 0:02:35]} 45. g4 {[%emt 0:00:20]} Rg8 {[%emt 0:02:23]} 46. Be2 {[%emt 0:00:03]} fxg4 {[%emt 0:01:41]} 47. Rxe4 {[%emt 0:00:03]} g3 {[%emt 0:00:13]} 48. h4 {[%emt 0:04:58]} Rge8 {[%emt 0:01:47]} 49. Rxe8 {[%emt 0:01:18]} Rxe8 {[%emt 0:00:04]} 50. Bf3 {[%emt 0:00:02]} Bh3 {[%emt 0:00:14]} 51. Ra1 {[%emt 0:00:03]} Re3 {[%emt 0:01:03]} 52. Bg2 {[%emt 0:00:52]} Bxg2 {[%emt 0:00:51]} 53. Kxg2 {[%emt 0:00:01]} Rc3 {[%emt 0:00:04]} 54. Rd1 {[%emt 0:01:47]} Rxc4 {[%emt 0:01:50]} 55. Kxg3 {[%emt 0:00:03]} a5 {[%emt 0:02:34]} 56. Re1 {[%emt 0:00:28]} a4 {[%emt 0:00:44]} 57. Re6+ {[%emt 0:00:14]} Kf5 {[%emt 0:00:11]} 58. Re7 {[%emt 0:00:19]} a3 {[%emt 0:01:11]} 59. Rxb7 {[%emt 0:00:03]} Rc3+ {[%emt 0:00:37]} 60. Kf2 {[%emt 0:00:04]} a2 {[%emt 0:01:20]} 61. Ra7 {[%emt 0:00:04]} Rb3 {[%emt 0:00:05]} 62. Rxa2 {[%emt 0:00:17]} Rxb6 {[%emt 0:00:08]} 63. Rc2 {[%emt 0:00:11]} Kxf4 {[%emt 0:00:27]} 64. Rxc5 {[%emt 0:00:04]} Rd6 {[%emt 0:01:20]} 65. Rc6 {[%emt 0:00:14]} Ke5 {[%emt 0:00:45]} 66. Kf3 {[%emt 0:00:07]} Kxd5 {[%emt 0:00:08]} 67. Rxd6+ {[%emt 0:00:03]} Ke5 {[%emt 0:00:08]} 1/2-1/2

[Event "94th Paris-ch  2019"]
[Site "Paris"]
[Date "2019.07.12"]
[Round "7.7"]
[White "Stephan, Victor"]
[Black "Sochacki, Christophe"]
[Result "1/2-1/2"]
[WhiteElo "2358"]
[BlackElo "2481"]
[Annotator "ChessBase"]
[PlyCount "42"]
[EventDate "2019.07.07"]
[EventType "swiss"]
[EventCountry "FRA"]
[SourceTitle "playchess.com"]
[Source "ChessBase"]
[SourceQuality "1"]
[TimeControl "5400+30"]

1. d4 {[%emt 0:00:00]} Nf6 {[%emt 0:00:06]} 2. c4 {[%emt 0:00:00]} e6 {[%emt 0:00:09]} 3. Nc3 {[%emt 0:00:11]} Bb4 {[%emt 0:00:05]} 4. Qc2 {[%emt 0:00:38]} O-O {[%emt 0:00:05]} 5. Nf3 {[%emt 0:02:11]} d5 {[%emt 0:09:47]} 6. cxd5 {[%emt 0:02:06]} exd5 {[%emt 0:00:19]} 7. Bf4 {[%emt 0:00:49]} Ne4 {[%emt 0:10:47]} 8. e3 {[%emt 0:05:15]} Bf5 {[%emt 0:05:17]} 9. Bd3 {[%emt 0:01:47]} c5 {[%emt 0:00:23]} 10. dxc5 {[%emt 0:02:50]} Nd7 {[%emt 0:09:11]} 11. Nd4 {[%emt 0:08:37]} Bg6 {[%emt 0:00:05]} 12. Nb3 {[%emt 0:05:01]} Rc8 {[%emt 0:06:11]} 13. O-O {[%emt 0:02:56]} Ndxc5 {[%emt 0:03:48]} 14. Nxc5 {[%emt 0:01:14]} Rxc5 {[%emt 0:00:40]} 15. Be5 {[%emt 0:02:46]} Qa5 {[%emt 0:22:32]} 16. Bd4 {[%emt 0:09:44]} Rc6 {[%emt 0:00:15]} 17. Bxe4 {[%emt 0:03:05]} dxe4 {[%emt 0:02:02]} 18. Qb3 {[%emt 0:01:52]} Bf5 {[%emt 0:07:15]} 19. a3 {[%emt 0:04:10]} Bxc3 {[%emt 0:03:52]} 20. Bxc3 {[%emt 0:00:11]} Qc7 {[%emt 0:05:03]} 21. Qd5 {[%emt 0:00:58]} Qd7 {[%emt 0:04:14]} 1/2-1/2